LEADER 01012nam a22002531i 4500 001 991001182239707536 005 20031016114301.0 008 040407s1976 it |||||||||||||||||ita 035 $ab12731377-39ule_inst 035 $aARCHE-071101$9ExL 040 $aDip.to Scienze Storiche$bita$cA.t.i. Arché s.c.r.l. Pandora Sicilia s.r.l. 082 04$a785.42 100 1 $aPolillo, Arrigo$0459089 245 10$aJazz :$bla vicenda e i protagonisti della musica afro-americana /$cArrigo Polillo 260 $aMilano :$bMondadori,$c1976 300 $a2 v. ;$c22 cm 650 4$aJazz$xStoria 907 $a.b12731377$b02-04-14$c16-04-04 912 $a991001182239707536 945 $aLE009 STOR.898-162$cV. 1$g1$i2009000375772$lle009$o-$pE0.00$q-$rl$s- $t0$u0$v0$w0$x0$y.i13265611$z16-04-04 945 $aLE009 STOR.898-162/a$cV. 2$g1$i2009000375789$lle009$o-$pE0.00$q-$rl$s- $t0$u0$v0$w0$x0$y.i13265623$z16-04-04 996 $aJazz$9176252 997 $aUNISALENTO 998 $ale009$b16-04-04$cm$da $e-$fita$git $h0$i2 LEADER 02133nam0 22005173i 450 001 VAN00284792 005 20250320102503.275 017 70$2N$a9783031161650 100 $a20250116d2023 |0itac50 ba 101 $aeng 102 $aCH 105 $a|||| ||||| 181 $ai$b e 182 $ab 183 $acr 200 1 $aˆA ‰First Introduction to Quantum Physics$fPieter Kok 205 $a2. ed 210 $aCham$cSpringer$d2023 215 $axvii, 296 p.$cill.$d24 cm 410 1$1001VAN00117860$12001 $aUndergraduate lecture notes in physics$1210 $aBerlin [etc.]$cSpringer$d2011- 500 1$3VAN00208129$aˆA ‰First Introduction to Quantum Physics$91864287 606 $a00A79 (77-XX)$xPhysics [MSC 2020]$3VANC023182$2MF 606 $a81-XX$xQuantum theory [MSC 2020]$3VANC019967$2MF 606 $a81P05$xGeneral and philosophical questions in quantum theory [MSC 2020]$3VANC023344$2MF 610 $aEnergy spectrum of atoms$9KW:K 610 $aGravitational-Wave Detectors$9KW:K 610 $aMach-Zehnder interferometer$9KW:K 610 $aNMR and magnetic resonance imaging$9KW:K 610 $aOperational approach to quantum physics$9KW:K 610 $aQuantum Computer$9KW:K 610 $aQuantum Information$9KW:K 610 $aQuantum mechanics$9KW:K 610 $aQuantum physics$9KW:K 610 $aQuantum teleportation$9KW:K 610 $aUncertainly relations$9KW:K 620 $aCH$dCham$3VANL001889 700 1$aKok$bPieter$3VANV180085$0833846 712 $aSpringer $3VANV108073$4650 801 $aIT$bSOL$c20250613$gRICA 856 4 $uhttps://doi.org/10.1007/978-3-031-16165-0$zE-book ? Accesso al full-text attraverso riconoscimento IP di Ateneo, proxy e/o Shibboleth 899 $aBIBLIOTECA DEL DIPARTIMENTO DI MATEMATICA E FISICA$1IT-CE0120$2VAN08 912 $fN 912 $aVAN00284792 950 $aBIBLIOTECA DEL DIPARTIMENTO DI MATEMATICA E FISICA$d08DLOAD e-Book 10253 $e08eMF10253 20250124 996 $aFirst Introduction to Quantum Physics$91864287 997 $aUNICAMPANIA